UBT Library

Microscale organic laboratory : (Record no. 44976)

000 -LEADER
fixed length control field 00826cam a2200241 a 4500
001 - CONTROL NUMBER
control field 2630893
005 - DATE AND TIME OF LATEST TRANSACTION
control field 20180314051312.0
008 - FIXED-LENGTH DATA ELEMENTS--GENERAL INFORMATION
fixed length control field 990511s2000 nyua bf 001 0 eng
010 ## - LIBRARY OF CONGRESS CONTROL NUMBER
LC control number 99030131
020 ## - INTERNATIONAL STANDARD BOOK NUMBER
International Standard Book Number 0471321850 (cloth : alk. paper)
040 ## - CATALOGING SOURCE
Original cataloging agency DLC
Transcribing agency DLC
Modifying agency DLC
041 ## - LANGUAGE CODE
Language code of text/sound track or separate title eng
080 ## - UNIVERSAL DECIMAL CLASSIFICATION NUMBER
Universal Decimal Classification number 547.0078 MAY
082 00 - DEWEY DECIMAL CLASSIFICATION NUMBER
Classification number 547.0078 MAY
Edition number 21
100 1# - Rafti
Rafti 12
101 ## - Shkurtesa
Shkurtesa KIM
245 10 - TITLE STATEMENT
Title Microscale organic laboratory :
Statement of responsibility, etc Dana W. Mayo, Ronald M. Pike, Peter K. Trumper.
504 ## - BIBLIOGRAPHY, ETC. NOTE
Bibliography, etc Includes bibliographical references and index.
906 ## - LOCAL DATA ELEMENT F, LDF (RLIN)
a 7
b cbc
c orignew
d 1
e ocip
f 19
g y-gencatlg
942 ## - ADDED ENTRY ELEMENTS (KOHA)
Source of classification or shelving scheme
Item type Books
Holdings
Withdrawn status Lost status Source of classification or shelving scheme Damaged status Not for loan Collection code Permanent location Current location Shelving location Date acquired Total Checkouts Full call number Barcode Date last seen Price effective from Koha item type
          Koleksioni i përgjithshem UBT - Lipjan UBT - Lipjan Koleksioni i përgjithshem 03/14/2018   547.0078 MAY 002-3001773 03/14/2018 03/14/2018 Books
UBT Library © 2015-2024. All rights reserved University Education for Business and Technology